Hide Your 'F' Movies Quiz Stats

 Plays Quiz Updated Dec 20, 2018

     
Support Sporcle.
Go Orange.
Score 0/21 Timer 06:00
0 Plays Today
% Correct
Free Willy
(1993)
94.8%
First Blood
(1982)
94.7%
Full Metal Jacket
(1987)
91.1%
Fight Club
(1999)
89.8%
Forgetting
Sarah Marshall
(2008)
89.2%
Flightplan
(2005)
88.3%
Fargo
(1996)
88.3%
Fantastic Beasts
and Where to
Find Them
(2016)
88%
For a Few
Dollars More
(1965)
87.9%
The Fifth Element
(1997)
87.1%
Fear and Loathing
in Las Vegas
(1998)
85.2%
% Correct
The French
Connection
(1971)
85.2%
Flags of Our Fathers
(2006)
84.6%
Finding Forrester
(2000)
81.5%
The Full Monty
(1997)
81.2%
Flubber
(1997)
81.1%
From Russia
With Love
(1963)
79.7%
Femme Fatale
(2002)
78.3%
From Hell
(2001)
75.8%
The Fly
(1986)
75.6%
A Fish
Called Wanda
(1988)
74.4%

From the Vault

Super Bowl Ads (2014)

by zaphenath

These companies dished out millions for their 30 seconds of fame, and their inclusion in this quiz.
Remove Ads.
Support Sporcle.
Get the best of Sporcle when you Go Orange. This ad-free experience offers more features, more stats, and more fun while also helping to support Sporcle. Thank you for becoming a member.

Show Comments

Extras

Top Quizzes Today


Score Distribution

Your Account Isn't Verified!

In order to create a playlist on Sporcle, you need to verify the email address you used during registration. Go to your Sporcle Settings to finish the process.

Report this User

Report this user for behavior that violates our Community Guidelines.

Details: